000 00927nam a2200289Ia 4500
003 OSt
005 20221005062244.0
006 a|||||r|||| 00| 0
007 ta
008 221004b |||||||| |||| 00| 0 eng d
020 _a9781138684072 (hbk)
_cUKP 100.00
024 _a38350
037 _b545, 12/03/2018, Bright Book Service
_cTextual
040 _aCRL
_cCRL
_beng
041 _2eng
_aeng
082 _a4:(D65,8(B)), Q7
100 _aSteensen Steen Ed.
_9601603
245 0 _aTheories of journalism in a digital age
260 _aLondon
_bRoutledge UK
_c2017
300 _axiii,242p.
_ccm.
490 _aJournalism studies: theory and practice
650 _a JOURNALISM
650 _aDIGITAL MEDIA
_9583256
700 _a Ahva Laura Ed.
_9601604
942 _h4:(D65,8(B)), Q7
_cTEXL
_2cc
999 _c969410
_d969410